A navegaçao fluvial na hidrovia Paraguai-Paraná : texto do acordo e seus protocolos adicionais, no âmbito da ALADI, entre os países do mercosul e a Bolivia

Saved in:
Main Author: Pacheco Mercier, Antonio Sergio
Format: Book
Language:Portuguese
Published: Osasco : FIEO, 1997
Subjects:
LEADER 00736nam#a2200229#a#4500
001 004917
005 20160721143401.0
008 980424s1997####bl##################por#d
040 |a AR-beUNQ 
099 |a 02-P5 
100 1 |a Pacheco Mercier, Antonio Sergio 
245 0 2 |a A navegaçao fluvial na hidrovia Paraguai-Paraná :   |b texto do acordo e seus protocolos adicionais, no âmbito da ALADI, entre os países do mercosul e a Bolivia  |c Antonio Sergio Pacheco Mercier. 
260 |a Osasco :  |b FIEO,  |c 1997 
300 |a 89 p 
650 7 |a LEGISLACION  |2 Spines 
650 7 |a NAVEGACION  |2 Spines 
650 7 |a REGLAMENTACION  |2 toit 
650 7 |a MERCOSUR  |2 toit 
651 7 |a BOLIVIA  |2 Spines 
929 |j 23409 
942 |c LIB  |n 0 
999 |c 7685  |d 83072